000
00338pab a2200157 454500
008
180718b1999 xxu||||| |||| 00| 0 eng d
100
_a
Subramanian, S.
245
_a
Police reforms
260
_c
1999
300
_a
p.4-5
362
_a
Jun
650
_a
Police - India
650
_a
Police
773
_a
CBI Bulletin
909
_a
41991
999
_c
41991
_d
41991